000
00268nam a2200109Ia 4500
001
1276012
005
20260417160439.0
008
260417s9999 xx 000 0 und d
020
_a
9786257014069
245
0
_a
Ağaç Dedi Ki
_c
Sophie Lescaut
260
_b
Ketebe Çocuk
999
_c
1276012
_d
1276012